[Event "7 Player, all play all, UNDER 1500... Have Fun ;D"]
[Site "SchemingMind.com"]
[Date "2010.03.16"]
[Round "-"]
[White "nammy"]
[Black "BigDaddy"]
[Result "0-1"]
[WhiteCountry "ENG"]
[BlackCountry "AUT"]
[WhiteElo "878"]
[WhiteRD "53"]
[BlackElo "1345"]
[BlackRD "55"]
[GameID "242178"]

1. e4 c5 2. d3 Nc6 3. b3 e5 4. Nf3 d6 5. c3 Nf6 6. Bd2 Bg4 7. h3 Bxf3 8. gxf3 g6 9. Bg2 Bg7 10. f4 O-O
11. b4 Qb6 12. Qf3 cxb4 13. Qd1 bxc3 14. Bxc3 exf4 15. Rf1 Nb4 16. Qf3 g5 17. Kd1 Rac8 18. a3 a5 19. Ra2 Nxa2 20. Bb2 Qxb2
21. Nd2 Rc1+ 22. Ke2 Nc3#
0-1

[Event "7 Player, all play all, UNDER 1500... Have Fun ;D"]
[Site "SchemingMind.com"]
[Date "2010.03.16"]
[Round "-"]
[White "BigDaddy"]
[Black "nammy"]
[Result "1-0"]
[WhiteCountry "AUT"]
[BlackCountry "ENG"]
[WhiteElo "1345"]
[WhiteRD "55"]
[BlackElo "878"]
[BlackRD "53"]
[GameID "242179"]

1. e4 d6 2. d4 Nf6 3. Nc3 Nc6 4. Bb5 a6 5. Bxc6+ bxc6 6. Nf3 d5 7. e5 Nd7 8. Qd3 g6 9. Ng5 h6 10. Nf3 f6
11. exf6 exf6 12. Qxg6+ Ke7 13. O-O a5 14. Nh4 Ke6 15. Nf5 h5 16. Re1+ Ne5 17. dxe5 Qd7 18. exf6#
1-0

[Event "7 Player, all play all, UNDER 1500... Have Fun ;D"]
[Site "SchemingMind.com"]
[Date "2010.03.18"]
[Round "-"]
[White "Olli Ylönen"]
[Black "nammy"]
[Result "1-0"]
[WhiteCountry "FIN"]
[BlackCountry "ENG"]
[WhiteElo "1201"]
[WhiteRD "150"]
[BlackElo "878"]
[BlackRD "53"]
[GameID "242459"]

1. e4 e6 2. d4 Nc6 3. Nf3 Nf6 4. Nc3 Bd6 5. Bc4 e5 6. d5 Ne7 7. Bg5 h6 8. Bxf6 gxf6 9. Nh4 c5 10. Nb5 Bb8
11. d6 Nc6 12. Nf5 Na5 13. Ng7+ Kf8 14. Qd5 Kxg7 15. Qxf7#
1-0

[Event "7 Player, all play all, UNDER 1500... Have Fun ;D"]
[Site "SchemingMind.com"]
[Date "2010.03.18"]
[Round "-"]
[White "Olli Ylönen"]
[Black "BigDaddy"]
[Result "1-0"]
[WhiteCountry "FIN"]
[BlackCountry "AUT"]
[WhiteElo "1389"]
[WhiteRD "103"]
[BlackElo "1369"]
[BlackRD "55"]
[GameID "242460"]

1. e4 c5 2. Nf3 e6 3. d4 cxd4 4. Nxd4 Nf6 5. Nc3 Bb4 6. e5 Nd5 7. Bd2 Bxc3 8. Bxc3 Nxc3 9. bxc3 Nc6 10. f4 Nxd4
11. cxd4 Qa5+ 12. Qd2 Qxd2+ 13. Kxd2 O-O 14. c4 a6 15. d5 b5 16. dxe6 dxe6 17. cxb5 axb5 18. Bxb5 Bb7 19. Rhg1 Rad8+ 20. Kc3 Rc8+
21. Kb4 Bd5 22. g3 Rc7 23. Rgc1 Rfc8 24. Rxc7 Rxc7 25. a4 Bc6 26. Rc1 Rd7 27. Rxc6 Rd4+ 28. Rc4 Rxc4+ 29. Kxc4 h6 30. a5 Kf8
31. a6 Ke7 32. a7 Kd8 33. a8=Q+ Kc7 34. Qf8 Kb6 35. Qxf7 g5 36. Qxe6+ Kc7 37. fxg5 hxg5 38. Qc6+ Kb8 39. e6 Ka7 40. e7 g4
41. Qa6+ Kb8 42. e8=Q+ Kc7 43. Qec8#
1-0

[Event "7 Player, all play all, UNDER 1500... Have Fun ;D"]
[Site "SchemingMind.com"]
[Date "2010.03.19"]
[Round "-"]
[White "nammy"]
[Black "Olli Ylönen"]
[Result "0-1"]
[WhiteCountry "ENG"]
[BlackCountry "FIN"]
[WhiteElo "878"]
[WhiteRD "52"]
[BlackElo "1389"]
[BlackRD "103"]
[GameID "242461"]

1. e4 c6 2. d4 d5 3. Nc3 dxe4 4. Nxe4 Bf5 5. Ng3 Bg6 6. Bc4 Nf6 7. N1e2 Nbd7 8. Nc3 e5 9. Nce2 Nb6 10. Bb3 exd4
11. Bd2 c5 12. c3 Ne4 13. Nf1 Nxd2 14. Qxd2 dxc3 15. Qxc3 Nd5 16. Qe5+ Ne7 17. Ba4+ Qd7 18. Bb3 Qc6 19. Nc3 f6 20. Qg3 Bf7
21. Bc2 Nd5 22. Ne4 Nb4 23. Nc3 Nxc2+ 24. Kd2 Nxa1 25. Ne3 Bd6 26. Qxg7 O-O-O 27. Qxf7 Rdf8 28. Qh5 Nb3+ 29. axb3 Qb6 30. Qd1 Bf4
31. g3 Rd8+ 32. Ke1 Rxd1+ 33. Kxd1 Qxb3+ 34. Kd2 Qxb2+ 35. Kd1 Bxe3 36. Ne4 Rd8+ 37. Ke1 Qc1+ 38. Ke2 Qxh1 39. fxe3 Qxh2+ 40. Ke1 Qc2
41. Nxf6 Rd1#
0-1

[Event "7 Player, all play all, UNDER 1500... Have Fun ;D"]
[Site "SchemingMind.com"]
[Date "2010.03.19"]
[Round "-"]
[White "BigDaddy"]
[Black "Olli Ylönen"]
[Result "0-1"]
[WhiteCountry "AUT"]
[BlackCountry "FIN"]
[WhiteElo "1369"]
[WhiteRD "55"]
[BlackElo "1389"]
[BlackRD "103"]
[GameID "242462"]

1. e4 e5 2. f4 exf4 3. Nf3 g5 4. h4 g4 5. Ng5 h6 6. Nxf7 Kxf7 7. Qxg4 Nf6 8. Qxf4 Bd6 9. Bc4+ Ke8 10. e5 Qe7
11. d4 Rg8 12. Bxg8 Nxg8 13. O-O Bb4 14. c3 Ba5 15. b4 Bb6 16. Be3 d6 17. exd6 cxd6 18. Nd2 d5 19. Nf3 Qf6 20. Ne5 Qxf4
21. Rxf4 Bc7 22. Rf7 Bxe5 23. Raf1 Bd6 24. Rg7 Be6 25. Rxb7 Nd7 26. Bf4 Bxf4 27. Rxf4 Ngf6 28. a3 a6 29. Rf3 Kd8 30. Re3 Ne4
31. b5 axb5 32. Rxb5 Rxa3 33. Re1 Rxc3 34. Ra1 Ke7 35. Ra8 h5 36. Rh8 Bf7 37. Rh6 Rc4 38. Rb1 Rxd4 39. Rf1 Ng3 40. Rf3 Rg4
41. Rh7 Ne5 42. Rf2 Rxh4 43. Rf1 Nxf1 44. Kxf1 Re4 45. Rh6 d4 46. Rb6 d3 47. Rb7+ Kf6 48. Rb6+ Kg5 49. Rb4 Rxb4
0-1

[Event "7 Player, all play all, UNDER 1500... Have Fun ;D"]
[Site "SchemingMind.com"]
[Date "2010.03.22"]
[Round "-"]
[White "aliwood"]
[Black "nammy"]
[Result "1-0"]
[WhiteCountry "ENG"]
[BlackCountry "ENG"]
[WhiteElo "1154"]
[WhiteRD "62"]
[BlackElo "839"]
[BlackRD "52"]
[GameID "242834"]

1. e4 e6 2. d4 Nf6 3. e5 Nd5 4. c4 Nf4 5. Bxf4 b6 6. Nf3 Ba6 7. Nbd2 h6 8. Be2 c6 9. O-O g5 10. Bg3 h5
11. Nxg5 Qxg5 12. Ne4 Qg6 13. Re1 Qxe4 14. Bd3 Qxd4 15. Qc2 b5 16. Re4 Qc5 17. Rae1 Bg7 18. b3 b4 19. Bh4 Qb6 20. Qd2 c5
21. Qg5 Nc6 22. Qxg7 Rf8 23. Rf4 Ne7 24. Re3 d6 25. Be4 Qc7 26. Bxa8 Qb8 27. Rxf7 Qxa8 28. Qxf8+ Kd7 29. Rxe7+ Kc6 30. Qxa8+ Kb6
31. Qxa7+ Kc6 32. Qxa6#
1-0

[Event "7 Player, all play all, UNDER 1500... Have Fun ;D"]
[Site "SchemingMind.com"]
[Date "2010.03.22"]
[Round "-"]
[White "aliwood"]
[Black "BigDaddy"]
[Result "0-1"]
[WhiteCountry "ENG"]
[BlackCountry "AUT"]
[WhiteElo "1121"]
[WhiteRD "62"]
[BlackElo "1294"]
[BlackRD "58"]
[GameID "242835"]

1. e4 c5 2. Nf3 e6 3. d4 cxd4 4. Nxd4 Nf6 5. Nc3 Bb4 6. e5 Bxc3+ 7. bxc3 Nc6 8. exf6 Qxf6 9. Be3 b5 10. Bxb5 Nxd4
11. cxd4 Qg6 12. Qf3 Rb8
0-1

[Event "7 Player, all play all, UNDER 1500... Have Fun ;D"]
[Site "SchemingMind.com"]
[Date "2010.03.22"]
[Round "-"]
[White "aliwood"]
[Black "Olli Ylönen"]
[Result "0-1"]
[WhiteCountry "ENG"]
[BlackCountry "FIN"]
[WhiteElo "1121"]
[WhiteRD "62"]
[BlackElo "1507"]
[BlackRD "57"]
[GameID "242836"]

1. e4 c6 2. d4 d5 3. Nc3 dxe4 4. Nxe4 Bf5 5. Ng3 Bg6 6. h4 h6 7. Nf3 Nd7 8. h5 Bh7 9. Bd3 Bxd3 10. Qxd3 e6
11. Bd2 Ngf6 12. O-O-O Be7 13. Ne4 O-O 14. Nxf6+ Nxf6 15. g4 Nxg4 16. Rhf1 Bh4
0-1

[Event "7 Player, all play all, UNDER 1500... Have Fun ;D"]
[Site "SchemingMind.com"]
[Date "2010.03.22"]
[Round "-"]
[White "nammy"]
[Black "aliwood"]
[Result "0-1"]
[WhiteCountry "ENG"]
[BlackCountry "ENG"]
[WhiteElo "839"]
[WhiteRD "52"]
[BlackElo "1154"]
[BlackRD "62"]
[GameID "242837"]

1. e4 e5 2. Nf3 Nc6 3. Qe2 Nf6 4. c3 d5 5. d4 Nxe4 6. dxe5 Bc5 7. h4 Bxf2+ 8. Kd1 O-O 9. b3 Bf5 10. Na3 Qe7
11. Bb2 Rad8 12. h5 d4 13. c4 Nc3+ 14. Kc1 Nxe2+ 15. Bxe2 d3 16. Bd1 Be3+ 17. Kb1 d2+ 18. Bc2 Bxc2+ 19. Kxc2 a6 20. Nh2 Nxe5
21. Kd1 Nd3 22. Nf1 Nxb2+ 23. Ke2 Bc5+ 24. Kf3 Bxa3 25. Nxd2 Rd3+ 26. Kf4 Bd6+ 27. Kg4 f5#
0-1

[Event "7 Player, all play all, UNDER 1500... Have Fun ;D"]
[Site "SchemingMind.com"]
[Date "2010.03.22"]
[Round "-"]
[White "BigDaddy"]
[Black "aliwood"]
[Result "1-0"]
[WhiteCountry "AUT"]
[BlackCountry "ENG"]
[WhiteElo "1294"]
[WhiteRD "58"]
[BlackElo "1121"]
[BlackRD "62"]
[GameID "242838"]

1. e4 e5 2. Nf3 Nc6 3. Bb5 a6 4. Bxc6 dxc6 5. O-O f6 6. d4 exd4 7. Nxd4 c5 8. Nf3 Qxd1 9. Rxd1 Bd7 10. Bf4 O-O-O
11. Nc3 Ne7 12. Nd5 Nxd5 13. Rxd5
1-0

[Event "7 Player, all play all, UNDER 1500... Have Fun ;D"]
[Site "SchemingMind.com"]
[Date "2010.03.22"]
[Round "-"]
[White "Olli Ylönen"]
[Black "aliwood"]
[Result "1-0"]
[WhiteCountry "FIN"]
[BlackCountry "ENG"]
[WhiteElo "1507"]
[WhiteRD "57"]
[BlackElo "1121"]
[BlackRD "62"]
[GameID "242839"]

1. e4 e5 2. Nf3 Nc6 3. Bb5 a6 4. Ba4 Nf6 5. Nc3 b5 6. Bb3 Be7 7. d4 d6 8. Nd5 Nxd5 9. Bxd5 Bb7 10. dxe5 dxe5
11. Nxe5 Nxe5 12. Bxb7 Qxd1+ 13. Kxd1 Rd8+ 14. Ke2 O-O 15. Bxa6 c6 16. Bf4 Ng6 17. Be3 Bf6 18. c3 Ne5 19. a4
1-0

[Event "7 Player, all play all, UNDER 1500... Have Fun ;D"]
[Site "SchemingMind.com"]
[Date "2010.03.22"]
[Round "-"]
[White "maro"]
[Black "nammy"]
[Result "1-0"]
[WhiteCountry "MEX"]
[BlackCountry "ENG"]
[WhiteElo "1286"]
[WhiteRD "59"]
[BlackElo "878"]
[BlackRD "52"]
[GameID "242849"]

1. c4 e5 2. d4 f6 3. d5 Ne7 4. e4 c6 5. d6 Ng6 6. c5 Na6 7. Bxa6 bxa6 8. Qb3 Nf4 9. Bxf4 exf4 10. Nf3 g6
11. Qc3 Bh6 12. e5 Rf8 13. O-O Rb8 14. Re1 a5 15. exf6+ Kf7 16. Qc4+ Kxf6 17. Qd4+ Kf7 18. Ne5+ Kf6 19. Nxc6+ Kf5 20. Nxd8 Rxd8
21. Qe4+ Kg5 22. Qe5+ Kg4 23. f3+ Kh4 24. Kf2 Rb5 25. g3+ Kh3 26. b3 Kxh2 27. Nc3 Rb4 28. Rh1#
1-0

[Event "7 Player, all play all, UNDER 1500... Have Fun ;D"]
[Site "SchemingMind.com"]
[Date "2010.03.22"]
[Round "-"]
[White "maro"]
[Black "BigDaddy"]
[Result "1-0"]
[WhiteCountry "MEX"]
[BlackCountry "AUT"]
[WhiteElo "1255"]
[WhiteRD "56"]
[BlackElo "1244"]
[BlackRD "62"]
[GameID "242850"]

1. e4 c5 2. d4 cxd4 3. Qxd4 Nc6 4. Qe3 Qa5+ 5. Bd2 Nb4 6. Bd3 b6 7. c3 e6 8. cxb4 Bxb4 9. Bxb4 Qxb4+ 10. Qd2 Qxd2+
11. Nxd2 Bb7 12. Ne2 Nf6 13. O-O d5 14. Bb5+ Nd7 15. Bxd7+ Kxd7 16. exd5 Bxd5 17. b3 Ke7 18. Rfe1 Rhd8 19. Rad1 Kf8 20. Ng3 f5
21. f4 g6 22. h4 h5 23. Nb1 Kf7 24. Nc3 Bc6 25. Rxd8 Rxd8 26. a4 Rd3 27. Nge2 a5 28. Kf2 Be4 29. g3 Rf3+ 30. Kg1 Bd3
31. Nd4 Rxg3+ 32. Kf2 Rh3 33. Rxe6 Rxh4 34. Ke3 Rh3+ 35. Kd2 Bf1 36. Nd5
1-0

[Event "7 Player, all play all, UNDER 1500... Have Fun ;D"]
[Site "SchemingMind.com"]
[Date "2010.03.22"]
[Round "-"]
[White "maro"]
[Black "Olli Ylönen"]
[Result "0-1"]
[WhiteCountry "MEX"]
[BlackCountry "FIN"]
[WhiteElo "1234"]
[WhiteRD "57"]
[BlackElo "1507"]
[BlackRD "57"]
[GameID "242851"]

1. c4 e5 2. d4 exd4 3. Qxd4 Nc6 4. Qd3 Ne5 5. Qe3 Bb4+ 6. Bd2 Qe7 7. Bxb4 Qxb4+ 8. Nc3 d6 9. Nf3 Nf6 10. b3 Qc5
11. Qxc5 dxc5 12. Nb5 Kd7 13. Nxe5+ Ke6 14. Nd3 Kd7 15. Ne5+ Ke6 16. Nxc7+ Kxe5 17. Nxa8 Kd6 18. O-O-O+ Kc6 19. a4 Be6 20. g3 Rxa8
21. Bg2+ Kc7 22. Rhe1 Ng4 23. h3 Nxf2 24. Rd2 Nxh3 25. e4 Rd8 26. Red1 Rxd2 27. Rxd2 Ng5 28. e5 b6 29. Bd5 Bxd5 30. cxd5 Kd7
31. g4 Nf3 32. Rd3 Nxe5 33. Re3 Nxg4 34. Rg3 h5
0-1

[Event "7 Player, all play all, UNDER 1500... Have Fun ;D"]
[Site "SchemingMind.com"]
[Date "2010.03.22"]
[Round "-"]
[White "aliwood"]
[Black "maro"]
[Result "0-1"]
[WhiteCountry "ENG"]
[BlackCountry "MEX"]
[WhiteElo "1121"]
[WhiteRD "62"]
[BlackElo "1234"]
[BlackRD "57"]
[GameID "242852"]

1. e4 Nc6 2. Nf3 e5 3. Bb5 Nge7 4. O-O a6 5. Ba4 b5 6. Bb3 h6 7. c3 d6 8. d4 exd4 9. cxd4 Ng6 10. Be3 Be7
11. Nbd2 O-O 12. Rc1 Na5 13. Bc2 d5 14. Nb3 dxe4 15. Nfd2 Nxb3 16. Nxb3 f5
0-1

[Event "7 Player, all play all, UNDER 1500... Have Fun ;D"]
[Site "SchemingMind.com"]
[Date "2010.03.22"]
[Round "-"]
[White "nammy"]
[Black "maro"]
[Result "0-1"]
[WhiteCountry "ENG"]
[BlackCountry "MEX"]
[WhiteElo "878"]
[WhiteRD "53"]
[BlackElo "1285"]
[BlackRD "55"]
[GameID "242853"]

1. e4 e6 2. d4 d5 3. f3 Nc6 4. c3 e5 5. Be3 exd4 6. cxd4 dxe4 7. fxe4 Bb4+ 8. Kf2 Qf6+ 9. Ke2 Bg4+ 10. Nf3 O-O-O
11. a3 Nxd4+ 12. Kd3 Nb3+ 13. Nd4 Bxd1 14. g3 Qa6#
0-1

[Event "7 Player, all play all, UNDER 1500... Have Fun ;D"]
[Site "SchemingMind.com"]
[Date "2010.03.22"]
[Round "-"]
[White "BigDaddy"]
[Black "maro"]
[Result "1-0"]
[WhiteCountry "AUT"]
[BlackCountry "MEX"]
[WhiteElo "1369"]
[WhiteRD "55"]
[BlackElo "1286"]
[BlackRD "59"]
[GameID "242854"]

1. e4 e5 2. f4 exf4 3. Nf3 Bc5 4. d4 Bb4+ 5. c3 Bd6 6. Bc4 Nh6 7. e5 Ng4 8. Bxf4 Qe7 9. Ng5 O-O 10. Qd3 Nxe5
11. Qxh7#
1-0

[Event "7 Player, all play all, UNDER 1500... Have Fun ;D"]
[Site "SchemingMind.com"]
[Date "2010.03.23"]
[Round "-"]
[White "Olli Ylönen"]
[Black "maro"]
[Result "1-0"]
[WhiteCountry "FIN"]
[BlackCountry "MEX"]
[WhiteElo "1486"]
[WhiteRD "72"]
[BlackElo "1257"]
[BlackRD "58"]
[GameID "242855"]

1. Nf3 d6 2. e4 e5 3. Bc4 Be6 4. Bxe6 Qe7 5. Bh3 h6 6. g3 Qf6 7. O-O c6 8. d4 d5 9. dxe5 Qg6 10. exd5 cxd5
11. Qxd5 Qb6 12. Nbd2 Ne7 13. Qd6 Qxd6 14. exd6 Nec6 15. Re1+ Ne7 16. dxe7 Bxe7 17. Nc4 Nc6 18. a3 O-O 19. Be3 Rac8 20. Bxc8 Rxc8
21. Rac1 b5 22. Nce5
1-0

[Event "7 Player, all play all, UNDER 1500... Have Fun ;D"]
[Site "SchemingMind.com"]
[Date "2010.03.22"]
[Round "-"]
[White "Manfred Kraut"]
[Black "aliwood"]
[Result "1-0"]
[WhiteCountry "GER"]
[BlackCountry "ENG"]
[WhiteElo "1344"]
[WhiteRD "66"]
[BlackElo "1154"]
[BlackRD "62"]
[GameID "242868"]

1. d4 d5 2. Nf3 Nf6 3. e3 e6 4. Bd3 c5 5. b3 Be7 6. Bb2 O-O 7. Nbd2 Nc6 8. O-O b6 9. Ne5 Bb7 10. f4 Nxe5
11. dxe5 Nd7 12. Rf3 c4 13. bxc4 dxc4 14. Be4 Bxe4 15. Nxe4 Qc7 16. Rh3 h6 17. Qf3 Rad8 18. Qg3 g6 19. Rxh6 Nc5 20. Qh3 Nxe4
21. Rh8+ Kg7 22. Qh7#
1-0

[Event "7 Player, all play all, UNDER 1500... Have Fun ;D"]
[Site "SchemingMind.com"]
[Date "2010.03.22"]
[Round "-"]
[White "Manfred Kraut"]
[Black "nammy"]
[Result "1-0"]
[WhiteCountry "GER"]
[BlackCountry "ENG"]
[WhiteElo "1365"]
[WhiteRD "72"]
[BlackElo "878"]
[BlackRD "53"]
[GameID "242869"]

1. d4 d6 2. Nf3 f6 3. e3 Nc6 4. Bd3 g5 5. O-O Nh6 6. b3 e5 7. dxe5 fxe5 8. Bb2 Be7 9. Nbd2 a6 10. Ne4 Be6
11. Nfxg5 Bc8 12. Qh5+ Nf7 13. Qxf7+ Kd7 14. Nf6#
1-0

[Event "7 Player, all play all, UNDER 1500... Have Fun ;D"]
[Site "SchemingMind.com"]
[Date "2010.03.22"]
[Round "-"]
[White "Manfred Kraut"]
[Black "maro"]
[Result "1-0"]
[WhiteCountry "GER"]
[BlackCountry "MEX"]
[WhiteElo "1344"]
[WhiteRD "66"]
[BlackElo "1257"]
[BlackRD "58"]
[GameID "242870"]

1. d4 d5 2. Nf3 Nf6 3. e3 e6 4. Bd3 Bd6 5. O-O O-O 6. b3 Na6 7. Bb2 c5 8. Nbd2 cxd4 9. Bxd4 b6 10. e4 dxe4
11. Nxe4 Nxe4 12. Bxe4 Rb8 13. Ne5 Bxe5 14. Bxe5 Qxd1 15. Raxd1 Bb7 16. Bxb8 Bxe4 17. Bxa7 b5 18. f3 Bxc2 19. Rd6 Nb4 20. a3 Na2
21. b4 Ra8 22. Ra1 Rxa7 23. Rd8#
1-0

[Event "7 Player, all play all, UNDER 1500... Have Fun ;D"]
[Site "SchemingMind.com"]
[Date "2010.03.22"]
[Round "-"]
[White "Manfred Kraut"]
[Black "BigDaddy"]
[Result "1-0"]
[WhiteCountry "GER"]
[BlackCountry "AUT"]
[WhiteElo "1352"]
[WhiteRD "69"]
[BlackElo "1369"]
[BlackRD "55"]
[GameID "242871"]

1. d4 Nf6 2. Nf3 d5 3. e3 e6 4. Bd3 c5 5. b3 Nc6 6. O-O cxd4 7. exd4 Be7 8. Bb2 O-O 9. Nbd2 Qc7 10. Ne5 Nxe5
11. dxe5 Nd7 12. f4 Bc5+ 13. Kh1 Be3 14. Rf3 d4 15. Ne4 Nc5 16. Rh3 Nxe4 17. Bxe4 g6 18. Bxd4 Bxf4 19. c3 h5 20. Rxh5 Kg7
21. Rh4 g5 22. Rh7+ Kg8 23. Qh5 g4 24. Qxg4+ Bg5 25. Qxg5#
1-0

[Event "7 Player, all play all, UNDER 1500... Have Fun ;D"]
[Site "SchemingMind.com"]
[Date "2010.03.22"]
[Round "-"]
[White "Manfred Kraut"]
[Black "Olli Ylönen"]
[Result "1-0"]
[WhiteCountry "GER"]
[BlackCountry "FIN"]
[WhiteElo "1352"]
[WhiteRD "69"]
[BlackElo "1389"]
[BlackRD "103"]
[GameID "242872"]

1. d4 d5 2. Nf3 Nf6 3. e3 g6 4. Bd3 Bg7 5. O-O O-O 6. b3 Bg4 7. Nbd2 e6 8. Bb2 Nbd7 9. h3 Bxf3 10. Nxf3 Re8
11. c4 c5 12. cxd5 exd5 13. Ne5 cxd4 14. Nxd7 Qxd7 15. Bxd4 b6 16. a4 Rac8 17. Bb5 Qe6 18. Bxe8 Nxe8 19. Bxg7 Kxg7 20. Qd4+ Qf6
21. Qxf6+ Kxf6 22. g4 Nd6 23. f4 Rc3 24. g5+ Kf5 25. Rac1 Rxe3 26. Kg2 Rxb3 27. Rc6 Ne4 28. Rc7 f6 29. Rxh7 fxg5 30. fxg5+ Kxg5
31. Rxa7 Rg3+ 32. Kh2 d4 33. Re1 Kf4 34. Rf7+ Ke5 35. Rxe4+ Kxe4 36. Kxg3 d3 37. Rd7 Ke3 38. Kg4 d2 39. Kg5 Ke2 40. h4 d1=Q
41. Rxd1 Kxd1 42. Kxg6 Kc2 43. h5 Kb3 44. h6 Kxa4 45. h7 b5 46. h8=Q b4 47. Qb2 b3 48. Kf5
1-0

[Event "7 Player, all play all, UNDER 1500... Have Fun ;D"]
[Site "SchemingMind.com"]
[Date "2010.03.25"]
[Round "-"]
[White "aliwood"]
[Black "Manfred Kraut"]
[Result "1-0"]
[WhiteCountry "ENG"]
[BlackCountry "GER"]
[WhiteElo "1121"]
[WhiteRD "62"]
[BlackElo "1330"]
[BlackRD "70"]
[GameID "242873"]

1. e4 c5 2. Nf3 g6 3. d4 Bg7 4. Nc3 d6 5. dxc5 Nf6 6. cxd6 exd6 7. Bb5+ Bd7 8. O-O O-O 9. Re1 a6 10. Ba4 Bxa4
11. Nxa4 Re8 12. Nc3 Nc6 13. a3 Ne5 14. Nxe5 dxe5 15. Bg5 Qxd1 16. Raxd1 Rad8 17. f3 Rxd1 18. Rxd1 Nd7 19. Rxd7 h6 20. Be3 g5
21. Rxb7 Ra8 22. Nd5 f6 23. Ne7+ Kf8 24. Nf5 Rc8 25. Nxg7 Rxc2 26. Ne6+ Ke8 27. h3 Re2 28. Ba7
1-0

[Event "7 Player, all play all, UNDER 1500... Have Fun ;D"]
[Site "SchemingMind.com"]
[Date "2010.03.25"]
[Round "-"]
[White "nammy"]
[Black "Manfred Kraut"]
[Result "0-1"]
[WhiteCountry "ENG"]
[BlackCountry "GER"]
[WhiteElo "878"]
[WhiteRD "52"]
[BlackElo "1352"]
[BlackRD "69"]
[GameID "242874"]

1. e4 c5 2. c3 Nf6 3. Nf3 d6 4. d3 g6 5. g3 Bg7 6. h3 O-O 7. Be3 Nc6 8. Bf4 Qb6 9. Na3 Qxb2 10. Nc4 Qxc3+
11. Ncd2 Nd4 12. g4 Nxg4 13. Rb1 Nf6 14. Rc1 Nxf3+ 15. Ke2 Nxd2 16. Rxc3 Ndxe4 17. dxe4 Nxe4 18. Re3 Nc3+ 19. Kd2 Nd5 20. Bg3 Nxe3
21. Kxe3 Bd4+ 22. Kf4 e5+ 23. Ke4 Bf5+ 24. Kf3 a6 25. Bh4 b5 26. Qe1 d5 27. Be2 Be4+ 28. Kg3 Bxh1 29. Qxh1 c4 30. Bg4 f5
31. Bf3 e4 32. Bg2 h6 33. f4 exf3 34. Bxf3 g5 35. Bxd5+ Kg7 36. Qd1 gxh4+ 37. Kxh4 Bf6+ 38. Kg3 Rad8 39. h4 Rd6 40. Qd4 Bxd4
41. Bf3 c3 42. Bb7 c2 43. Kf4 c1=Q+ 44. Kf3 Qe3+ 45. Kg2 Qf2+ 46. Kh1 Qg1#
0-1

[Event "7 Player, all play all, UNDER 1500... Have Fun ;D"]
[Site "SchemingMind.com"]
[Date "2010.03.25"]
[Round "-"]
[White "maro"]
[Black "Manfred Kraut"]
[Result "0-1"]
[WhiteCountry "MEX"]
[BlackCountry "GER"]
[WhiteElo "1257"]
[WhiteRD "58"]
[BlackElo "1344"]
[BlackRD "66"]
[GameID "242875"]

1. c4 c5 2. d4 Nf6 3. d5 d6 4. Na3 g6 5. Bg5 Bg7 6. e4 Nxe4 7. Bxe7 Qxe7 8. Qe2 Nc3 9. Qxe7+ Kxe7 10. Ne2 Nxe2
11. Bxe2 Re8 12. O-O Bxb2 13. Rae1 Kf8 14. Nb5 a6 15. Nxd6 Rd8 16. Ne4 Bf5 17. Nf6 Bxf6
0-1

[Event "7 Player, all play all, UNDER 1500... Have Fun ;D"]
[Site "SchemingMind.com"]
[Date "2010.03.25"]
[Round "-"]
[White "BigDaddy"]
[Black "Manfred Kraut"]
[Result "1-0"]
[WhiteCountry "AUT"]
[BlackCountry "GER"]
[WhiteElo "1369"]
[WhiteRD "55"]
[BlackElo "1352"]
[BlackRD "69"]
[GameID "242876"]

1. e4 c5 2. Nf3 g6 3. d4 Bg7 4. c3 cxd4 5. cxd4 d6 6. Nc3 Nf6 7. e5 dxe5 8. dxe5 Nfd7 9. Bf4 O-O 10. Bc4 Nc6
11. Qe2 e6 12. O-O Qa5 13. Rfe1 a6 14. a3 b5 15. b4 Qc7 16. Bd3 Rd8 17. Be4 Rb8 18. Bxc6 Qxc6 19. Rac1 Qa8 20. Bg5 Re8
21. Ne4 Nxe5 22. Nxe5 Bxe5 23. Nf6+ Bxf6 24. Bxf6 Bb7 25. f3 Rbc8 26. Rxc8 Qxc8 27. Qd2 e5 28. Qh6 Qc5+ 29. Kh1 Qg1+ 30. Kxg1 Bxf3
31. Qg7#
1-0

[Event "7 Player, all play all, UNDER 1500... Have Fun ;D"]
[Site "SchemingMind.com"]
[Date "2010.03.25"]
[Round "-"]
[White "Olli Ylönen"]
[Black "Manfred Kraut"]
[Result "0-1"]
[WhiteCountry "FIN"]
[BlackCountry "GER"]
[WhiteElo "1389"]
[WhiteRD "103"]
[BlackElo "1352"]
[BlackRD "69"]
[GameID "242877"]

1. Nf3 g6 2. d4 Bg7 3. e4 d6 4. Nc3 Nf6 5. Be3 O-O 6. Qd2 c5 7. dxc5 dxc5 8. Bxc5 Qxd2+ 9. Nxd2 Re8 10. Bd4 e5
11. Be3 Nc6 12. Nd5 Nxd5 13. exd5 Nd4 14. O-O-O b6 15. Bxd4 exd4 16. Nb3 Bf5 17. Bd3 Bxd3 18. Rxd3 Rad8 19. Nxd4 Rxd5 20. Nc6 Rxd3
21. cxd3 Rc8 22. Kb1 Rxc6 23. Rc1 Rxc1+ 24. Kxc1 Kf8 25. f4 f5 26. g3 Ke7 27. b4 Kd6 28. Kc2 Kc6 29. Kb3 Bd4 30. Kc4 Bg1
31. b5+ Kd6 32. h3 h5 33. Kc3 Kc5 34. a4 Bf2 35. Kd2 Kd4 36. Ke2 Bxg3 37. Kf3 Bh4 38. Ke2 Bd8
0-1

[Event "7 Player, all play all, UNDER 1500... Have Fun ;D"]
[Site "SchemingMind.com"]
[Date "2010.03.25"]
[Round "-"]
[White "Timaeus"]
[Black "aliwood"]
[Result "1-0"]
[WhiteCountry "JPN"]
[BlackCountry "ENG"]
[WhiteElo "1433"]
[WhiteRD "72"]
[BlackElo "1121"]
[BlackRD "62"]
[GameID "242984"]

1. b4 e5 2. c3 d5 3. d4 exd4 4. cxd4 Bxb4+ 5. Bd2 Nc6 6. e3 Nf6 7. Bxb4 Bf5 8. Bb5 Qd7 9. Ne2 O-O-O 10. Bxc6 Qxc6
11. O-O Qb6 12. Be7 Rde8 13. Bc5 Qc6 14. Nd2 Ne4 15. Nf3 h6 16. Bxa7 f6 17. Rc1 Qa6 18. Bc5 Nxc5 19. dxc5 c6 20. Ned4 Bh7
21. Qe2 Qb6 22. cxb6
1-0

[Event "7 Player, all play all, UNDER 1500... Have Fun ;D"]
[Site "SchemingMind.com"]
[Date "2010.03.25"]
[Round "-"]
[White "Timaeus"]
[Black "Manfred Kraut"]
[Result "1-0"]
[WhiteCountry "JPN"]
[BlackCountry "GER"]
[WhiteElo "1328"]
[WhiteRD "75"]
[BlackElo "1352"]
[BlackRD "69"]
[GameID "242985"]

1. b4 e5 2. c3 g6 3. d4 Bg7 4. Nf3 e4 5. Ng5 Nc6 6. e3 Nf6 7. g3 O-O 8. d5 Ne5 9. Nd2 Nxd5 10. Ndxe4 c6
11. Bd2 d6 12. c4 Nb6 13. Rc1 Na4 14. Bc3 Nxc3 15. Rxc3 Bg4 16. Be2 Qd7 17. Nxd6 Nf3+ 18. Bxf3 Bxc3+ 19. Kf1 Bf6 20. Bxg4 Qc7
21. Nge4 Bg7 22. Kg2 f5 23. Ng5 Be5 24. c5 Rf6 25. Qb3+ Kg7 26. Ne6+ Rxe6 27. Qxe6 fxg4 28. Qxe5+ Kh6 29. h3 Re8 30. hxg4#
1-0